| 000 | 00819cam a2200277 4500 | ||
|---|---|---|---|
| 001 | 865 | ||
| 003 | BD-RjUL | ||
| 005 | 20211208233236.0 | ||
| 008 | 13 s1969 enk b 001 0 eng | ||
| 020 | _a0900092033 | ||
| 035 | _a(BD-RjUL)887 | ||
| 040 |
_aDLC _cDLC _dDLC _dBD-RjUL _beng |
||
| 041 | _aeng | ||
| 082 | 0 | 4 |
_a027.442 _219 _bCAI 1969 |
| 100 | 1 |
_aCaldwell, William. _d1920- _92580 |
|
| 245 | 1 | 3 |
_aAn introduction to county library practice / _cWilliam Caldwell. |
| 250 | _a3rd ed. | ||
| 260 |
_aLondon : _bAssociation of Assistant Librarians, _cc1969. |
||
| 300 |
_a80 p. ; _c22 cm. |
||
| 504 | _aIncludes bibliographies. | ||
| 650 | 0 |
_aPublic libraries _zGreat Britain. _92581 |
|
| 710 | 2 |
_aAssociation of Assistant Librarians. _92582 |
|
| 942 |
_2ddc _cBK |
||
| 999 |
_c865 _d865 |
||